[Event "Dvorkovich Memorial op-B 9th"]
[Site "Taganrog"]
[Date "2014.08.10"]
[Round "9"]
[White "Ermoshkina, Ekaterina"]
[Black "Perekrestov, Viktor"]
[Result "0-1"]
[WhiteElo "1757"]
[BlackElo "1918"]
[PlyCount "74"]
[EventDate "2014.08.02"]
[EventType "swiss"]
[EventRounds "9"]
[EventCountry "RUS"]
[SourceTitle "CBM 162 Extra"]
[Source "ChessBase"]
[SourceDate "2014.10.17"]
[SourceVersion "1"]
[SourceVersionDate "2014.10.17"]
[SourceQuality "1"]

1. d4 Nf6 2. c4 g6 3. Nf3 d6 4. Nc3 Bg7 5. e3 0-0 6. Be2 Nc6 7. 0-0 Re8 8. b3 e5 9. d5 Ne7 10. Bb2 Rf8 11. Ne1 Nf5 12. Nc2 h5 13. Rb1 a5 14. a4 b6 15. f4 exf4 16. e4 Ne3 17. Nxe3 fxe3 18. Qd3 Ng4 19. Bxg4 Bxg4 20. Qxe3 Qe7 21. h3 Bd7 22. Rbe1 Rae8 23. Qc1 Bd4+ 24. Kh1 Qh4 25. Qd2 Be5 26. Kg1 Qg3 27. Rf3 Qh2+ 28. Kf2 f5 29. Qh6 Bd4+ 30. Ke2 Qxg2+ 31. Kd3 Qxf3+ 32. Kxd4 Qf2+ 33. Kd3 fxe4+ 34. Nxe4 Rf3+ 35. Re3 Rxe3+ 36. Qxe3 Qxe3+ 37. Kxe3 Bf5 0-1

[Event "Dvorkovich Memorial op-B 9th"]
[Site "Taganrog"]
[Date "2014.08.08"]
[Round "7"]
[White "Guschin, Vladimir I"]
[Black "Perekrestov, Viktor"]
[Result "1-0"]
[WhiteElo "2118"]
[BlackElo "1918"]
[PlyCount "87"]
[EventDate "2014.08.02"]
[EventType "swiss"]
[EventRounds "9"]
[EventCountry "RUS"]
[SourceTitle "CBM 162 Extra"]
[Source "ChessBase"]
[SourceDate "2014.10.17"]
[SourceVersion "1"]
[SourceVersionDate "2014.10.17"]
[SourceQuality "1"]

1. e4 e5 2. Nf3 Nc6 3. Bc4 Bc5 4. c3 Nf6 5. d3 h6 6. Nbd2 d6 7. 0-0 0-0 8. Bb3 a6 9. Nc4 Be6 10. Ne3 Bxb3 11. Qxb3 Bxe3 12. Bxe3 b5 13. a4 Na5 14. Qc2 c5 15. axb5 axb5 16. b4 cxb4 17. cxb4 Rc8 18. Qb2 Nc6 19. Ra6 Ng4 20. Bb6 Qd7 21. Rfa1 Qb7 22. h3 Nb8 23. Ra7 Qxb6 24. hxg4 Rc7 25. Rxc7 Qxc7 26. d4 f6 27. Nh4 Rc8 28. Nf5 Kh7 29. Qd2 exd4 30. Qxd4 Qc3 31. Qxc3 Rxc3 32. Ra7 Nc6 33. Rxg7+ Kh8 34. Rc7 Rc1+ 35. Kh2 Rc2 36. Ne3 Rc1 37. Nd5 Kg8 38. Ne7+ Nxe7 39. Rxc1 Kf7 40. Rc7 Ke6 41. Rb7 d5 42. exd5+ Nxd5 43. Rxb5 Kd6 44. Rxd5+ 1-0

[Event "Dvorkovich Memorial op-B 9th"]
[Site "Taganrog"]
[Date "2014.08.03"]
[Round "2"]
[White "Gozdeev, V."]
[Black "Perekrestov, Viktor"]
[Result "1/2-1/2"]
[WhiteElo "2143"]
[BlackElo "1918"]
[PlyCount "87"]
[EventDate "2014.08.02"]
[EventType "swiss"]
[EventRounds "9"]
[EventCountry "RUS"]
[SourceTitle "CBM 162 Extra"]
[Source "ChessBase"]
[SourceDate "2014.10.17"]
[SourceVersion "1"]
[SourceVersionDate "2014.10.17"]
[SourceQuality "1"]

1. e4 e5 2. Nf3 Nc6 3. Nc3 Nf6 4. Bb5 d6 5. h3 Bd7 6. d3 h6 7. Be3 a6 8. Ba4 b5 9. Bb3 Na5 10. 0-0 Be7 11. Nd2 0-0 12. f4 b4 13. Ne2 Nxb3 14. axb3 Bb5 15. Nf3 exf4 16. Nxf4 Nd7 17. Nd5 c5 18. Qd2 Bc6 19. Nf4 Bf6 20. Rab1 Ne5 21. Nh2 a5 22. Ne2 Qe7 23. Ng3 Bd7 24. Nf3 Nxf3+ 25. Rxf3 Be5 26. Rbf1 Bxb2 27. Kh1 Bc3 28. Qc1 a4 29. Ne2 Be5 30. bxa4 Rxa4 31. c3 Bb5 32. Qc2 Ra3 33. d4 b3 34. Qd1 Bxe2 35. Qxe2 Ra2 36. Qc4 cxd4 37. Qxb3 Raa8 38. cxd4 Bf6 39. Qd5 Qe6 40. Qxe6 fxe6 41. Bf4 Bxd4 42. Bxd6 Rxf3 43. gxf3 Ra1 44. Rxa1 1/2-1/2

[Event "Sochi Lazarevskoe op"]
[Site "Sochi"]
[Date "2012.06.17"]
[Round "4"]
[White "Perekrestov, Viktor"]
[Black "Zolotov, Andrey"]
[Result "0-1"]
[WhiteElo "1926"]
[BlackElo "1816"]
[PlyCount "142"]
[EventDate "2012.06.14"]
[EventType "swiss"]
[EventRounds "9"]
[EventCountry "RUS"]
[SourceTitle "EXT 2013"]
[Source "ChessBase"]
[SourceDate "2012.11.22"]
[SourceVersion "1"]
[SourceVersionDate "2012.11.22"]
[SourceQuality "1"]

1. e4 c5 2. Nf3 Nc6 3. Bb5 d6 4. d4 Bd7 5. 0-0 cxd4 6. Nxd4 Nf6 7. Nc3 g6 8. Re1 Bg7 9. Nxc6 Bxc6 10. Bxc6+ bxc6 11. Bf4 0-0 12. Qf3 Nd7 13. Rad1 Qb6 14. Na4 Qb4 15. Qb3 Rab8 16. Qxb4 Rxb4 17. b3 Ne5 18. c3 Rb7 19. Bxe5 Bxe5 20. g3 g5 21. Rd3 f5 22. Nb2 f4 23. g4 Rd7 24. Nc4 Bg7 25. e5 d5 26. Na5 Rc7 27. c4 e6 28. f3 Rb8 29. a3 Bf8 30. b4 Be7 31. c5 Kf7 32. Nb3 Ra8 33. Kf2 Bd8 34. Rc3 Rcc8 35. Nd4 Be7 36. Rec1 Rab8 37. Nb3 Bd8 38. Nd4 a5 39. Rb3 axb4 40. axb4 Ke7 41. b5 cxb5 42. Rxb5 Rxb5 43. Nxb5 Kd7 44. Nd4 Bb6 45. Nb3 Bc7 46. c6+ Kd8 47. Ke2 Bxe5 48. Kd3 Bf6 49. Na5 Kc7 50. Rb1 Bd8 51. Rb7+ Kd6 52. Rd7+ Ke5 53. Nb3 Bb6 54. Rxh7 Rxc6 55. h4 gxh4 56. Rh5+ Kf6 57. Rxh4 d4 58. Nd2 Rc3+ 59. Ke2 d3+ 60. Kf1 Rc2 61. Ne4+ Kg7 62. g5 d2 63. Ke2 Be3 64. Rh1 d1Q+ 65. Kxd1 Rc1+ 66. Ke2 Rxh1 67. Kd3 Rf1 68. Ke2 Rg1 69. Kd3 Kg6 70. Ke2 Ra1 71. Kd3 Re1 0-1

[Event "South FR-ch"]
[Site "Armavir"]
[Date "2012.03.??"]
[Round "6"]
[White "Perekrestov, Viktor"]
[Black "Nezamyatin, Ruslan"]
[Result "1/2-1/2"]
[WhiteElo "1909"]
[BlackElo "2176"]
[PlyCount "100"]
[EventDate "2012.03.11"]
[EventType "swiss"]
[EventRounds "9"]
[EventCountry "RUS"]
[SourceTitle "EXT 2023"]
[Source "ChessBase"]
[SourceDate "2022.10.05"]
[SourceVersion "1"]
[SourceVersionDate "2022.10.05"]
[SourceQuality "1"]

1. e4 c5 2. Nf3 d6 3. Bb5+ Bd7 4. Bxd7+ Qxd7 5. 0-0 Nc6 6. d4 cxd4 7. Nxd4 Nf6 8. Nc3 g6 9. f3 Bg7 10. Be3 0-0 11. Qd2 Ne5 12. b3 Rfc8 13. Rac1 a6 14. Na4 Nc4 15. Qd3 Nxe3 16. Qxe3 Qd8 17. c4 Nd7 18. Nc3 Qa5 19. Kh1 e6 20. Rfd1 Qb4 21. Nce2 Rc7 22. Nc2 Qa5 23. a4 b5 24. axb5 axb5 25. Rxd6 bxc4 26. bxc4 Be5 27. Rdd1 Nb6 28. f4 Nxc4 29. Qb3 Nd2 30. Qb4 Qxb4 31. Nxb4 Rxc1 32. Rxc1 Bb2 33. Rd1 Nxe4 34. Nd3 Rd8 35. Kg1 Ba3 36. Nf2 Nd2 37. Kh1 Rd6 38. g3 Kg7 39. Kg2 Bb2 40. Nc1 Nc4 41. Rxd6 Nxd6 42. Ncd3 Bd4 43. Kf3 f6 44. Ne4 Nc4 45. Nef2 Kf7 46. g4 Ke7 47. h3 Kd6 48. Ne4+ Ke7 49. Nef2 f5 50. Ke2 Kd6 1/2-1/2

[Event "Eisk Azovskie Zori op"]
[Site "Eisk"]
[Date "2011.06.10"]
[Round "6"]
[White "Maazykin, Oleg"]
[Black "Perekrestov, Viktor"]
[Result "1-0"]
[WhiteElo "2008"]
[BlackElo "1898"]
[PlyCount "125"]
[EventDate "2011.06.05"]
[EventType "swiss"]
[EventRounds "9"]
[EventCountry "RUS"]
[SourceTitle "EXT 2012"]
[Source "ChessBase"]
[SourceDate "2011.11.24"]
[SourceVersion "1"]
[SourceVersionDate "2011.11.24"]
[SourceQuality "1"]

1. d4 Nf6 2. c4 g6 3. Nc3 Bg7 4. Nf3 d6 5. e4 0-0 6. Be2 Nbd7 7. 0-0 b6 8. h3 Bb7 9. Bd3 e5 10. Be3 exd4 11. Bxd4 Re8 12. Qc2 a6 13. Rfe1 Ne5 14. Nxe5 dxe5 15. Be3 Qe7 16. Nd5 Nxd5 17. cxd5 Rac8 18. Qe2 b5 19. Rac1 f5 20. f3 f4 21. Bc5 Qd7 22. a4 c6 23. d6 Bf8 24. Red1 Re6 25. Bb1 Kh8 26. Ba2 Rf6 27. Kh1 Rd8 28. b4 Qe8 29. axb5 axb5 30. Qd3 Rd7 31. Rd2 Kg7 32. Rcd1 Qd8 33. Qc3 Qe8 34. Qb3 Qd8 35. Kh2 Kh6 36. Qc3 Qe8 37. Rd3 g5 38. Qa3 Kg6 39. Qb3 Qd8 40. Qc3 Qe8 41. Qe1 Kg7 42. g3 Qh5 43. g4 Qe8 44. Kg2 Rh6 45. Qc3 Rf6 46. Qb3 Kg6 47. Qg8+ Rg7 48. d7 Qd8 49. Qb3 h6 50. Qb2 Bxc5 51. bxc5 Re7 52. Rd6 Rxd6 53. Rxd6+ Kg7 54. Qb3 Bc8 55. dxc8Q Qxc8 56. Qd3 Qa6 57. Bb3 Qa7 58. Rxc6 Qa3 59. Rg6+ Kxg6 60. Bf7+ Kxf7 61. Qxa3 Rb7 62. c6 Rc7 63. Qb3+ 1-0

[Event "Eisk Azovskie Zori op"]
[Site "Eisk"]
[Date "2011.06.09"]
[Round "5"]
[White "Getmanov, Yuriy"]
[Black "Perekrestov, Viktor"]
[Result "0-1"]
[WhiteElo "1828"]
[BlackElo "1898"]
[PlyCount "92"]
[EventDate "2011.06.05"]
[EventType "swiss"]
[EventRounds "9"]
[EventCountry "RUS"]
[SourceTitle "EXT 2012"]
[Source "ChessBase"]
[SourceDate "2011.11.24"]
[SourceVersion "1"]
[SourceVersionDate "2011.11.24"]
[SourceQuality "1"]

1. e4 e5 2. Nf3 Nc6 3. Bb5 Nf6 4. 0-0 Nxe4 5. Re1 Nd6 6. Bxc6 dxc6 7. Nxe5 Be7 8. Nc3 0-0 9. d3 Bf5 10. Bf4 Re8 11. Qh5 g6 12. Qf3 Bf8 13. Ng4 Qh4 14. h3 Bg7 15. Bg3 Bxg4 16. Qf4 Bh6 17. Qb4 a5 18. Qxg4 Qxg4 19. hxg4 Bd2 20. Rxe8+ Rxe8 21. Bxd6 Bxc3 22. Bxc7 Bxb2 23. Rb1 Bd4 24. Kf1 b6 25. Rb3 a4 26. Rb4 Bc3 27. Re4 Rxe4 28. dxe4 b5 29. Ke2 Bd4 30. f4 f6 31. Kd3 Bf2 32. e5 Kf7 33. Ke4 Bc5 34. f5 fxe5 35. Kxe5 Be7 36. Bd6 Bf6+ 37. Kf4 Bc3 38. Be5 Bb4 39. Kg5 Bd2+ 40. Bf4 h6+ 41. Kxh6 Bxf4+ 42. Kh7 g5 43. Kh6 b4 44. g3 Bd2 45. Kh5 Kf6 46. Kh6 c5 0-1

[Event "Eisk Azovskie Zori op"]
[Site "Eisk"]
[Date "2011.06.06"]
[Round "2"]
[White "Perekrestov, Viktor"]
[Black "Mavlyaveev, Vladimir"]
[Result "1-0"]
[WhiteElo "1898"]
[BlackElo "1805"]
[PlyCount "127"]
[EventDate "2011.06.05"]
[EventType "swiss"]
[EventRounds "9"]
[EventCountry "RUS"]
[SourceTitle "EXT 2012"]
[Source "ChessBase"]
[SourceDate "2011.11.24"]
[SourceVersion "1"]
[SourceVersionDate "2011.11.24"]
[SourceQuality "1"]

1. e4 e5 2. Nf3 Nc6 3. Bc4 Bc5 4. c3 Nf6 5. b4 Bb6 6. d3 h6 7. a4 a6 8. 0-0 d6 9. h3 0-0 10. Re1 Be6 11. Nbd2 d5 12. exd5 Nxd5 13. Bxd5 Qxd5 14. Nc4 f6 15. Be3 Bxe3 16. Nxe3 Qd7 17. Qe2 Qf7 18. Nh4 Ne7 19. Kh2 g5 20. Nf3 Kg7 21. d4 e4 22. Nd2 f5 23. f3 f4 24. d5 exf3 25. Nxf3 Bxd5 26. Nxd5 Nxd5 27. Qe5+ Nf6 28. Nd4 Kg8 29. Nf5 Kh7 30. Rad1 Rae8 31. Ne7 Qg7 32. Qf5+ Kh8 33. Ng6+ Kg8 34. Nxf8 Rxf8 35. Qe6+ Kh8 36. Qe7 Rf7 37. Rd8+ Kh7 38. Qe2 h5 39. Qd3+ Qg6 40. Qxg6+ Kxg6 41. b5 axb5 42. axb5 Kf5 43. Rb8 b6 44. c4 g4 45. Rd8 g3+ 46. Kg1 Nd7 47. Kf1 Ne5 48. Rd5 Re7 49. c5 bxc5 50. Rxc5 Kf6 51. Re4 h4 52. Rxf4+ Kg5 53. Rg4+ Kf6 54. Re4 Kf5 55. Re3 Kf4 56. Ke2 Re8 57. Rxc7 Ra8 58. Rc2 Ra5 59. Rb3 Ra1 60. Rb4+ Kf5 61. b6 Rg1 62. Ke3 Rd1 63. b7 Re1+ 64. Re2 1-0

[Event "Yuzhny FO-ch op"]
[Site "Armavir"]
[Date "2011.03.19"]
[Round "8"]
[White "Petrov, Pavel P"]
[Black "Perekrestov, Viktor"]
[Result "1-0"]
[WhiteElo "1983"]
[BlackElo "1884"]
[PlyCount "97"]
[EventDate "2011.03.12"]
[EventType "swiss"]
[EventRounds "9"]
[EventCountry "RUS"]
[SourceTitle "CBM 141 Extra"]
[Source "ChessBase"]
[SourceDate "2011.05.03"]
[SourceVersion "1"]
[SourceVersionDate "2011.05.03"]
[SourceQuality "1"]

1. e4 e5 2. Nf3 Nc6 3. c3 Be7 4. d4 d6 5. h3 Nf6 6. Be2 0-0 7. d5 Nb8 8. Qc2 c5 9. 0-0 b6 10. Re1 Ba6 11. c4 Nbd7 12. Nc3 Re8 13. g3 Nf8 14. Nh4 g6 15. Kh2 Kg7 16. Rg1 Ng8 17. Ng2 Bc8 18. f4 Nd7 19. Be3 exf4 20. gxf4 f6 21. Raf1 Nh6 22. Nh4 Nf8 23. Bh5 Kh8 24. f5 g5 25. Nf3 Nd7 26. Bxe8 Qxe8 27. Qg2 Nf7 28. Bf4 Qf8 29. Bg3 h6 30. Kh1 Ba6 31. b3 Re8 32. Bh2 Qg7 33. a4 Nde5 34. Bxe5 dxe5 35. Nh4 Bd6 36. Ra1 Bc7 37. Ng6+ Kh7 38. Qf3 Nh8 39. Nxh8 Kxh8 40. h4 Kg8 41. Qh5 Rd8 42. hxg5 hxg5 43. Kg2 Bb7 44. Rh1 a6 45. Rh2 Bd6 46. Rah1 Bf8 47. Qh8+ Qxh8 48. Rxh8+ Kf7 49. R1h7+ 1-0

[Event "Yuzhny FO-ch op"]
[Site "Armavir"]
[Date "2011.03.15"]
[Round "4"]
[White "Perekrestov, Viktor"]
[Black "Gulinsky, Vladimir"]
[Result "1/2-1/2"]
[WhiteElo "1884"]
[BlackElo "2030"]
[PlyCount "160"]
[EventDate "2011.03.12"]
[EventType "swiss"]
[EventRounds "9"]
[EventCountry "RUS"]
[SourceTitle "CBM 141 Extra"]
[Source "ChessBase"]
[SourceDate "2011.05.03"]
[SourceVersion "1"]
[SourceVersionDate "2011.05.03"]
[SourceQuality "1"]

1. e4 c5 2. Nf3 d6 3. c3 Nf6 4. e5 dxe5 5. Nxe5 e6 6. d4 Bd6 7. Be2 0-0 8. 0-0 Qc7 9. f4 cxd4 10. cxd4 Nc6 11. Kh1 Qb6 12. Nc4 Qc7 13. Nxd6 Qxd6 14. Nc3 Qxd4 15. Qxd4 Nxd4 16. Bd3 b6 17. Be3 Rd8 18. Rad1 Nc6 19. Rd2 Bb7 20. Rfd1 Kf8 21. h3 Ke7 22. Kg1 Nb4 23. Bb1 Nbd5 24. Nxd5+ Nxd5 25. Bd4 Nxf4 26. Bxg7 Rxd2 27. Rxd2 Nxg2 28. Bxh7 Nf4 29. Kh2 Bd5 30. Be5 Nh5 31. Rc2 Bxa2 32. Rc7+ Kf8 33. Be4 Bd5 34. Bxd5 exd5 35. Rd7 Ke8 36. Rxd5 Ke7 37. Bc3 Nf4 38. Re5+ Ne6 39. h4 Rg8 40. Bb4+ Kf6 41. Bc3 Kg6 42. Re4 Kf5 43. Ra4 a5 44. Ra3 Rg4 45. Be1 Re4 46. Rf3+ Nf4 47. Bf2 Rb4 48. Kg3 Ke5 49. b3 f5 50. Be1 Nh5+ 51. Kh3 Rg4 52. Bd2 Nf4+ 53. Bxf4+ Rxf4 54. Rg3 Rf1 55. Kg2 Rf4 56. Kh3 Rd4 57. h5 b5 58. Rg8 Rd3+ 59. Kh2 f4 60. Rb8 Rd5 61. h6 Ke4 62. h7 Rh5+ 63. Kg2 Rxh7 64. Rxb5 Ra7 65. Kf2 Ra6 66. Rb8 Rc6 67. Re8+ Kd4 68. Rb8 Kc5 69. Kf3 Rf6 70. Rb7 Rf5 71. Ke4 Rf8 72. Kf3 Kc6 73. Ra7 Kb6 74. Rd7 Kb5 75. Rb7+ Kc5 76. Ra7 Kb4 77. Rb7+ Kc3 78. Rb5 Ra8 79. Kxf4 a4 80. bxa4 Rxa4+ 1/2-1/2